Library Banner

Calculus : (Record no. 55015)

MARC details
000 -LEADER
fixed length control field 00595nam a2200229Ia 4500
001 - CONTROL NUMBER
control field 57749
005 - DATE AND TIME OF LATEST TRANSACTION
control field 20181013094702.0
008 - FIXED-LENGTH DATA ELEMENTS--GENERAL INFORMATION
fixed length control field 140507s9999 xx 000 0 und d
020 ## - INTERNATIONAL STANDARD BOOK NUMBER
International Standard Book Number 9781118092408
040 ## - CATALOGING SOURCE
Transcribing agency PK-LaUMT
082 ## - DEWEY DECIMAL CLASSIFICATION NUMBER
Classification number 515
Item number ANT-C
100 ## - MAIN ENTRY--PERSONAL NAME
Personal name Anton, Howard
245 ## - TITLE STATEMENT
Title Calculus :
Remainder of title early transcendentals /
Statement of responsibility, etc Howard Anton, Lrl Bivens and Stephen Davis
250 ## - EDITION STATEMENT
Edition statement 10th ed.
260 ## - PUBLICATION, DISTRIBUTION, ETC. (IMPRINT)
Place of publication, distribution, etc Hoboken,USA:
Name of publisher, distributor, etc John Wiley & Sons Inc.,
Date of publication, distribution, etc 2013
300 ## - PHYSICAL DESCRIPTION
Extent 1168 p.
546 ## - LANGUAGE NOTE
Language note EN
650 ## - SUBJECT ADDED ENTRY--TOPICAL TERM
Topical term or geographic name as entry element Calculus
700 ## - ADDED ENTRY--PERSONAL NAME
Personal name Bivens, Irl
700 ## - ADDED ENTRY--PERSONAL NAME
Personal name Davis, Stephen
942 ## - ADDED ENTRY ELEMENTS (KOHA)
Koha item type Books
Holdings
Withdrawn status Lost status Damaged status Home library Current library Date acquired Full call number Barcode Date last seen Price effective from Koha item type
      UMT Main Campus UMT Main Campus 2014-05-07 515 ANT-C 77957 2017-09-19 2014-05-08 Books